Entre la salud y las patentes La disputa por la propiedad intelectual y el acceso a los medicamentos en Amřica Latina /

Detalles Bibliográficos
Autor principal: Dreyfuss, Rochelle C.
Otros Autores: Rodrg̕uez Garavito, Cšar
Formato: eBook
Lenguaje:español
Publicado: Bogot:̀ Universidad de Los Andes (Colombia), 2015
Materias:
Acceso en línea:Acceso restringido

MARC

LEADER 00000nam a22000007a 4500
005 20190516231910.0
007 cr|||| ||||
008 190516s2015 co |||||s|||| 00||0 spa d
020 |a 978-958-774-229-9 
035 |a 23333 
040 |a vLex 
090 |c 8729  |d 8729 
100 1 |a Dreyfuss, Rochelle C. 
245 1 0 |a Entre la salud y las patentes  |h [Recurso electrn̤ico] :  |b La disputa por la propiedad intelectual y el acceso a los medicamentos en Amřica Latina /  |c Rochelle C. Dreyfuss, Cšar Rodrg̕uez Garavito 
256 |a Servicio en ln̕ea 
260 |a Bogot:̀  |b Universidad de Los Andes (Colombia),  |c 2015 
300 |a 1 recurso electrn̤ico 
500 |a La aparicin̤ de un “economa̕ del conocimiento global”, muy dependiente de la innovacin̤, ha situado la regulacin̤ de la propiedad intelectual en el centro de los debates acadm̌icos y sobre polt̕icas pb︢licas. Desde la perspectiva de la relaciones internacionales y el comercio, la importancia del tema es patente cuando se observa la reciente avalancha de negociaciones bilaterales y multilaterales, que suscitan la cuestin̤ de hasta dn̤de debe llegar la proteccin̤ de la propiedad intelectual. Desde el punto de vista jurd̕ico, la gobernanza del conocimiento constituye uno de los pocos campos en los que el sistema multinacional se ha establecido con firmeza. La propiedad intelectual es –como el control del cambio climt̀ico, la polt̕ica monetaria y la seguridad nacional– un r̀ea en la actividad de un pas̕ tiene importantes efectos derivados no buscados en otros. Por consiguiente, como ocurre en otras r̀eas, la propiedad intelectual se ha convertido tambiň en objeto de un marco regulatorio transnacional muy complejo. Este libro analiza la forma como se produce la variacin̤ en las normas jurd̕icas y las prc̀ticas, es decir, cm̤o las interacciones complejas entre participantes en este campo regulatorio –gobiernos nacionales, instituciones internacionales, reguladores pb︢licos y privados, tribunales, empresas transnacionales, productores nacionales, abogados societarios y activistas de las ONG– configuran el derecho local e internacional y como estos a su vez son configurados por ese derecho. En particular, se estudian los debates relativos a aquellos aspectos del derecho local e internacional, y cm̤o estos a su vez son configurados por ese derecho de la propiedad intelectual que inciden en el acceso a los medicamentos; es decir, las medidas que regulan la adquisicin̤, el reconocimiento y el uso de derechos de patentes sobre los productos farmacǔticos y los secretos comerciales sobre los datos relativos a ellas, junto con las condiciones en las cuales estos derechos ceden ante el interš en el acceso al pb︢lico a medicamentos genřicos ms̀ baratos. El libro presenta los resultados de un estudio comparado sobre propiedad intelectual y acceso a los medicamentos en once pas̕es latinoamericanos: cinco en Suramřica (Argentina, Brasil, Chile, Colombia y Ecuador) y seis de Centroamřica (Costa Rica, Repb︢lica Dominicana, El Salvador, Honduras y Nicaragua). 
506 1 |a Disponible solo en los productos indicados  |d vLex Global  |d vLex Global (Academic Edition, excluding Law Schools)  |d vLex Global (U.S. Academic Edition, Law Schools)  |d vLex Global (U.S. Academic Edition, excluding Law Schools)  |d vLex Global (Academic Edition, Law Schools) 
650 0 4 |a Propiedad Intelectual  |z Colombia 
650 0 4 |a Derecho Pb︢lico y Administrativo  |z Colombia 
650 0 4 |a Derecho Constitucional  |z Colombia 
700 1 |a Rodrg̕uez Garavito, Cšar 
740 0 |a vLex Libros (Servicio en ln̕ea) 
856 4 0 |u http://vlex.com/source/entre-la-salud-y-las-patentes-la-disputa-por-la-propiedad-intelectual-y-el-acceso-a-los-medicamentos-en-america-latina-23333  |z Acceso restringido 
942 |c BOOK 
999 0 |a Intellectual Property 
999 0 |a Public and Administrative Law 
999 0 |a Constitutional Law